000 00939nam a22002537a 4500
005 20170123164145.0
010 _aB-095070
020 _a8171163769
035 _aB-095070
037 _bCen Lib / Ret
040 _aDPL
_bPN
082 _a
_bਗਰਗ
100 _aਗਰਗ, ਕੇ ਐਲ.
_942260
245 _aਆਖਰੀ ਪੱਤਾ :
_cਕੇ ਐਲ ਗਰਗ
_bਨਾਵਲ /
246 _aAakhri patta : novel /
_bby K. L. Garg
260 _aਦਿੱਲੀ
_bਨੈਸ਼ਨਲ਼ ਬੂਕ ਸ਼ਾਪ
_c2004
270 _bਦਿੱਲੀ
_e110006
_aਪ੍ਲੇਆਸੁਰ ਗਾਰਡਨ ਮਾਰਕਿਟ, ਚਾਂਦਨੀ ਚੋਕ
300 _a134p.
_c22cm(Hb)
650 _aਸਾਹਿਤ -- ਪੰਜਾਬੀ
_9121457
650 _aਪੰਜਾਬੀ ਨਾਵਲ
_9121458
650 _aLiterature -- Punjabi
_9114104
650 _aPunjabi Novel
_96285
942 _2ddc
_cPN
_h
_mਗਰਗ
999 _c109949
_d109949